000
002730000a22000970004500
100
1
_a
Suárez, Jairo
245
1
0
_a
El ofertorio como señal de comunión integral
300
_a
Vol.17, núm.17 (Junio, 2005), Páginas 2-3
773
0
_t
La Voz Luterana de Colombia
942
_c
ANA
999
_c
60539
_d
60539